Teoria generale della interpretazione.
Gardado en:
| Autor Principal: | |
|---|---|
| Formato: | Libro |
| Idioma: | inglés |
| Publicado: |
Milano, Italia:
Dott A. Giuffré,
1955.
|
| Series: | Istituto di teoria dell'interpretazione. Presso Le Università di Roma di Camerino.
|
| Subjects: | |
| Tags: |
Engadir etiqueta
Sen Etiquetas, Sexa o primeiro en etiquetar este rexistro!
|
MARC
| LEADER | 00000nam a22000007a 4500 | ||
|---|---|---|---|
| 003 | CL-VaPUC | ||
| 005 | 20250108104738.0 | ||
| 008 | 231109t1955 ||||| |||| 00| 0 eng d | ||
| 999 | |c 442341 |d 442339 | ||
| 040 | |c Pontificia Universidad Católica de Valparaíso | ||
| 082 | |2 22 |a 340.11 BET 1955 | ||
| 100 | |9 380771 |a Betti, Emilio |e author | ||
| 245 | |a Teoria generale della interpretazione. | ||
| 260 | |a Milano, Italia: |b Dott A. Giuffré, |c 1955. | ||
| 300 | |a 2 Volúmenes. | ||
| 490 | |a Istituto di teoria dell'interpretazione. Presso Le Università di Roma di Camerino. | ||
| 500 | |a c.1 Volumen I: Donación del Profesor Jorge López Santa María. MEMO N° 040. 20/10/2023. c.1 Volumen II: Donación del Profesor Jorge López Santa María. MEMO N° 040. 20/10/2023 | ||
| 583 | |c 20231109 |k Yessy Sthefany Diaz Vidal | ||
| 650 | 0 | |9 256456 |a Derecho |x Interpretación |x Aspectos teóricos y filosóficos |x Hermenéutica y epistemología | |
| 650 | 0 | |a Actos jurídicos |x Filosofía y metodología |9 255748 | |
| 942 | |2 ddc |c BK | ||
| 952 | |0 0 |1 0 |2 ddc |4 0 |6 340_110000000000000_BET_1955 |7 0 |8 A |9 592357 |a BIBDER |b BIBDER |c GEN |d 2023-11-09 |e Donación |h v.I |i 5659317 |o 340.11 BET 1955 |p 5659317 |r 2023-11-09 |t 1 |w 2023-11-09 |y BK |k DER | ||
| 952 | |0 0 |1 0 |2 ddc |4 0 |6 340_110000000000000_BET_1955 |7 0 |8 A |9 592358 |a BIBDER |b BIBDER |c GEN |d 2023-11-09 |e Donación |h v.II |i 5659318 |o 340.11 BET 1955 |p 5659318 |r 2023-11-09 |t 1 |w 2023-11-09 |y BK |k DER | ||